00591nam a22002057a 4500003000500000005001700005008004100022010001000063011001000073035001000083040000900093082001600102100002300118245010700141260004200248300002000290650002500310650002800335700002200363CHAP20231109100113.0971013s1980 ag a r 00010 spa d a45003 a45975 a50115 cCHAP a581.634bR300aRatera, Enrique L.10aPlantas de la flora argentina empleados en medicina popularc/por Enrique L. Ratera y Miguel O. Ratera aBuenos Aires :bHemisferio Sur,c1980 a189 p. :bilus.14aBotánica médica.17aBotánicaxArgentina20 aRatera, Miguel O.